01566nam a2200445 i 450000100060000000300090000600500170001500800390003201500170007102000150008804000280010304100080013104600090013908000100014808000110015808000120016910000280018124500880020926000700029730000270036733600270039433700540042133800280047538000160050338000270051938500390054638800100058549000700059550400260066565000310069165500300072265800300075270000270078271000550080983000700086485600980093494200120103299900170104495200590106140241KOSZ 00520200109075810.0020201s2001 pl a f f |000 0 pol aPB 2002/2006 a8371991819 aWA NcWA NdKOSZ 005/HR0 apol k2001 a005.6 a658.56 a(075.8)1 aSęp, JarosławeAutor10aMetody i narzędzia zarządzania jakością /cJarosław Sęp, Andrzej Pacana. aRzeszów :bOficyna Wydawnicza Politechniki Rzeszowskiej,c2001. a83 s. :bil. ;c24 cm. 2rdacontentaTekstbtxt 2rdamediaaBez urządzenia pośredniczącegobn 2rdacarrieraWoluminbnc aKsiążki aPublikacje dydaktyczne mPoziom nauczaniaaSzkoły wyższe a2001-1 aProjektowanie i Wdrażanie Systemów Zarządzania Jakością aBibliogr. przy rozdz. 7aZarządzanie jakością 4aPodręczniki akademickie aZarządzanie i marketing1 aPacana, AndrzejeAutor2 aOficyna Wydawnicza Politechniki Rzeszowskiej4pbl. 0aProjektowanie i Wdrażanie Systemów Zarządzania Jakością uhttp://koha.tu.koszalin.pl/cgi-bin/koha/opac-detail.pl?biblionumber=40241yKatalog online BPK 2UKDcKS c40241d40241 00104071aBPKbBPKcco60618p01611687t005.6 ZjyKS